000 01203nam a2200229Ia 4500
999 _c38296
_d38296
001 4306
003 GE_BSU
005 20191011170559.0
008 181216s1987||||ge |||||||||||||| ||geo||
040 _cGE_BSU
041 _ageo
080 _a338.001.4(479.22)+338.24(479.22) ქ–15
100 _aქავთარაძე, თენგიზ
_94701
245 _aდმანისის ექსპერიმენტი-მართვის სრულყოფის შედეგები და პერსპექტივები :
_cთენგიზ ქავთარაძე; რედ. ა. თეთრაული.
264 _aთბილისი :
_bმეცნიერება,
_c1987.
300 _a80 გვ. ;
_b21 სმ.
653 _aეკონომიკური ექსპერიმენტები საქართველოში;
653 _aეკონომიკური მართვა;
700 _aთეთრაული, ა.
_eრედაქტორი
_94702
710 _aსაქ. სსრ მეცნ. აკად., ეკონ. და სამართლის ინ-ტი.
_94703
942 _cBK
_2udc